USA or Russia or China or India - Statistics

General Stats
  • This quiz has been taken 128 times
  • The average score is 9 of 15
Answer Stats
Question Answer % Correct
Largest of these countries Russia
100%
Tiger is its national animal India
87%
Has biggest normal GDP USA
87%
National day 15th August India
73%
Most soldiers China
67%
The third most spoken language is Chinese USA
67%
Most people aren't in any religion. China
60%
Only christian founder of these countries USA
60%
Largest capital of these countries China
53%
Rubee is their current currency India
53%
Which one has the most tanks Russia
53%
Only country whit not consititutional rebulic of these countries China
47%
Has least crime China
33%
Largest population China
27%
Sichi is from? Russia
27%
No matching quizzes found
Score Distribution
Percent of People with Each Score
Percentile by Number Answered
Your Score History
You have not taken this quiz